1031 1258 1122 1016 1274 1390 1628 1718 1144 1961 1524 1300 1170 1781 1823 1989 1001 1560 1722 1648 1347 1631 1881 1548 1043 1393 1422 1969 1866 1902 1279 1542 1138 1404 1678 1856 1089 1001 1835 1995 1057 1447 1081 1071 1164 1635 1865 1725 1278 1863 1180 1983 1204 1240 1533 1918 1623 1069 1779 1652 1114 1387 1464 1982 1240 1699 1563 1690 1665 1806 1165 1788 1086 1492 1999 1809 1431 1091 1307 1637 1918 1968 1017 1247 1588 1881 1777 1540 1525 1730 1175 1636 1734 1501 1802 1588 1474 1199 1213 BCNSPRNW ULIB Ver.6.0+V

เปลี่ยนเป็นภาษาไทย

Change to English
 แสดงรายละเอียดบรรณานุกรม
  กลับหน้าหลัก

Brief Record : Get Marc (ISO 2709) : E-mail record : QR code < ปิดหน้าต่าง
LEADER : 00000nam 2200000uu 4500
001    13399122315
003     ULIB
008    130208s2555||||th 000 0 tha d
020    ^a9786163059499
060  4 ^aWJ140^bจ344ร
100 0  ^aจำนงค์ นพรัตน์
245 00 ^aระบบขับถ่ายปัสสาวะ :^bการตรวจปัสสาวะ /^cจำนงค์ นพรัตน์
250    ^aพิมพ์ครั้งที่ 1
260    ^aสงขลา :^bหน่วยผลิตตำรา คณะแพทยศาสตร์ มหาวิทยาลัยสงขลานครินทร์,^c2555
300    ^a197 หน้า :^bภาพประกอบสี
650  7 ^aระบบปัสสาวะและอวัยวะสืบพันธุ์
650  7 ^aปัสสาวะ^xการตรวจ
710 1  ^aมหาวิทยาลัยสงขลานครินทร์.^bคณะแพทยศาสตร์.
945    ^p340^l0^i19867
945    ^p340^l0^i19868
945    ^p340^l0^i19869
945    ^p340^l0^i20202
945    ^p340^l0^i20203
995    ^aทศพร
999    ^aทศพร เกษรทอง
รายการนี้ยังไม่มีแท็ก
คุณยังไม่ได้ล็อกอิน คุณสามารถมีกิจกรรมร่วมกับเว็บไซต์ได้ แต่ต้องล็อกอินก่อน ::
  ล็อกอิน

รายการสื่อสารสนเทศ

ลำดับที่ ประเภท เลขเรียก/บาร์โค้ด สถานที่ สถานะ
1. วิทยาศาสตร์การแพทย์ และสุขภาพ
วิทยาศาสตร์การแพทย์ และสุขภาพ
สถานะ=หนังสือเก่า
WJ140 จ344ร ฉ.1 
  Barcode: 19867
ห้องสมุดวิทยาเขตนครสวรรค์
►ส่วนจัดเก็บหนังสือเก่า นว.
บนชั้น
  ขอยืม
2. วิทยาศาสตร์การแพทย์ และสุขภาพ
วิทยาศาสตร์การแพทย์ และสุขภาพ
สถานะ=หนังสือเก่า
WJ140 จ344ร ฉ.2 
  Barcode: 19868
ห้องสมุดวิทยาเขตนครสวรรค์
►ส่วนจัดเก็บหนังสือเก่า นว.
บนชั้น
  ขอยืม
3. วิทยาศาสตร์การแพทย์ และสุขภาพ
วิทยาศาสตร์การแพทย์ และสุขภาพ
สถานะ=หนังสือเก่า
WJ140 จ344ร ฉ.3 
  Barcode: 19869
ห้องสมุดวิทยาเขตนครสวรรค์
►ส่วนจัดเก็บหนังสือเก่า นว.
บนชั้น
  ขอยืม
4. วิทยาศาสตร์การแพทย์ และสุขภาพ
วิทยาศาสตร์การแพทย์ และสุขภาพ
สถานะ=หนังสือเก่า
WJ140 จ344ร ฉ.4 
  Barcode: 20202
ห้องสมุดวิทยาเขตนครสวรรค์
►ส่วนจัดเก็บหนังสือเก่า นว.
บนชั้น
  ขอยืม
5. วิทยาศาสตร์การแพทย์ และสุขภาพ
วิทยาศาสตร์การแพทย์ และสุขภาพ
สถานะ=หนังสือเก่า
WJ140 จ344ร ฉ.5 
  Barcode: 20203
ห้องสมุดวิทยาเขตนครสวรรค์
►ส่วนจัดเก็บหนังสือเก่า นว.
บนชั้น
  ขอยืม

รายการใกล้เคียง
    ผู้แต่ง [จำนงค์ นพรัตน์]

    หัวเรื่อง [ระบบปัสสาวะและอวัยวะสืบพันธุ์]

BibComment


ยังไม่เคยถูกคอมเมนท์

คอมเมนท์ทรัพยากรรายการนี้
  คอมเมนท์: ระบบขับถ่ายปัสสา..


 Copyright 2026. Bcnsprnw @Library